📖💬Paroles "Les Voleurs et l'Âne" la Fontaine - Statistiques

Statistiques générales
  • Ce quiz a Ă©tĂ© pris 35 fois
  • Le rĂ©sultat moyen est 57 sur 101
Statistiques - réponses
Mots % Correct
Ă 
100%
c'
100%
L'
100%
l'
100%
la
100%
Transylvain,
100%
Turc,
100%
un
100%
Un
100%
Voleur
100%
ai
90%
Aliboron.
90%
Âne
90%
Au
90%
d'
90%
de
90%
De
90%
Et
90%
et
90%
j'
90%
le
90%
Maître
90%
n'
90%
se
90%
une
90%
deux
80%
du
80%
en
80%
En
80%
est
80%
Il
80%
Les
80%
les
80%
trois.
80%
autre
70%
que
70%
Qui
70%
qui
70%
voleurs
70%
Voleurs
70%
cette
60%
lieu
60%
Pour
60%
Comme
50%
eux
50%
Hongrois.
50%
sont
40%
voulait
40%
nos
30%
nul
30%
assez
20%
garder ;
20%
pauvre
20%
vendre.
20%
Arrive
10%
battaient :
10%
coups
10%
larron,
10%
rencontré
10%
Tandis
10%
tel
10%
troisième
10%
accorde
0%
Baudet.
0%
champions
0%
conquise.
0%
défendre.
0%
enlevé
0%
marchandise,
0%
net,
0%
poing
0%
Prince ;
0%
Province.
0%
Province
0%
quart
0%
quelquefois
0%
saisissant
0%
saisit
0%
songeaient
0%
souvent
0%
survient
0%
trottaient,
0%
Aucun quiz correspondant
Distribution des résultats
% des personnes avec chaque résultat
Percentile par nombre de réponses
Votre historique - résultats
Vous n’avez pas pris ce quiz